000 01391nam0a22003011 4500
001 rc\3410084
005 20260406094329.0
021 _aRU
_b[72-34665]
035 _a(NLR Aleph) 007551315
090 _a5204410
_c5204410
100 _a20130115d1972 |||y0rusy50 ca
101 0 _arus
102 _aRU
105 _aa z |||||
200 1 _aИзбранное
_f[Послесл. Н. Воробьевой
_gИл.: Б. Дехтерев]
210 _aМосква
_cДет. лит.
_d1972
215 _a159 с.
_cил.
_d21
327 0 _aЦиклы: Думы; Лирика и сатира; Поэмы: Войнаровский; Наливайко: (Отрывки из поэмы); Палей: (Отрывок из новой поэмы)
464 0 _12001#$aДумы$aЛирика и сатира$aВойнаровский$eПоэма$aНаливайко$e(Отрывки из поэмы)$aПалей$e(Отрывок из новой поэмы)
_tПалей
700 1 _7ca
_8rus
_aРылеев
_bК. Ф.
_f1795-1826
_gКондратий Федорович
_98883
_3RU\NLR\AUTH\7725838
702 1 _aВоробьева
_bН.
_4080
702 1 _4440
_aДехтерев
_bБ. А.
_f1908-1993
_gБорис Александрович
_951606
_3RU\NLR\AUTH\7768678
801 0 _aRU
_bNLR
_gpsbo
801 1 _aRU
_bELAR
_2rusmarc
852 _aNLR
_j72-3/4293
942 _cBOOK
980 _aNB